000 01199nam a2200325Ia 4500
001 dia_1063
003 CHAP
005 20260223121544.0
008 220117s1974 xx 000 0 und d
010 _a171611
040 _cCHAP
082 _a338.13 P53 1974
100 1 _aMoctezuma López, Georgel
_976402
245 _aPerfiles industriales /
_c Georgel Moctezuma López
260 _aMéxico :
_b Escuela Nacional de Agricultura Chapingo, Departamento de Industrias Agrícolas,
_c1974
300 _av.
400 _aSERIE DE PERFILES AGROINDUSTRIALES, 1.
440 _aPerfiles industriales
_9149932
504 _aIncluye bibliografías
505 _av.t.Planta extractora de jugo concentrado de naranja \ v.t.2. Planta extractora de jugo concentrado de naranja: Anexos \ v.2. Planta deshidratadora de alfalfa \ v.3
590 _aHC137 P53 1974
650 _aAdministración industrial
_9931
650 0 _aAgricultural industry
_9147917
650 _aIndustria agrícola
_9137236
650 _aIndustrial management
_9149480
901 _a338.13 P53 1974
902 _aM
905 _a5232271974 mx m 8223123322spa16
942 _cLIBRO
_2ddc
999 _c171611
_d171611